[Event "GER-chT U12"]
[Site "Verden an der Aller"]
[Date "2007.12.29"]
[Round "5.2"]
[White "Basaran, Mehmet"]
[Black "Nitsche Hahn, Raphael"]
[Result "0-1"]
[WhiteElo "865"]
[BlackElo "1528"]
[PlyCount "104"]
[EventDate "2007.12.27"]
[EventType "team-swiss"]
[EventRounds "7"]
[EventCountry "GER"]
[SourceTitle "EXT 2009"]
[Source "ChessBase"]
[SourceDate "2008.11.26"]
[SourceVersion "1"]
[SourceVersionDate "2008.11.26"]
[SourceQuality "1"]
[WhiteTeam "Unterkochen U12"]
[BlackTeam "Vaterstetten SC U12"]
[WhiteTeamCountry "GER"]
[BlackTeamCountry "GER"]

1. e4 c5 2. Nf3 Nc6 3. d4 cxd4 4. Nxd4 Nf6 5. Nxc6 bxc6 6. Nc3 d6 7. h3 g6 8. Be2 Bg7 9. 0-0 0-0 10. Re1 Rb8 11. Bf3 Nd7 12. Rb1 Bxc3 13. Bh6 Bxe1 14. Bxf8 Qxf8 15. Qxe1 Qg7 16. c3 Ba6 17. b3 Nf6 18. c4 c5 19. Be2 Nxe4 20. Bf1 Bb7 21. f3 Qd4+ 22. Kh2 Nd2 23. Rd1 Nxf1+ 24. Qxf1 Qb2 25. Re1 e6 26. Re2 Qf6 27. Rd2 Re8 28. Kg1 d5 29. cxd5 exd5 30. Rc2 Ba6 31. Qf2 Qd4 32. Qxd4 cxd4 33. Rc5 d3 34. Rxd5 Re2 35. a4 d2 36. b4 Re1+ 37. Kh2 d1Q 38. Rxd1 Rxd1 39. b5 Bb7 40. Kg3 Ra1 41. a5 Rxa5 42. Kf4 Rxb5 43. g4 a5 44. h4 a4 45. h5 a3 46. hxg6 a2 47. gxf7+ Kxf7 48. g5 a1Q 49. Kg4 Qd4+ 50. Kg3 Rxg5+ 51. Kh3 Qg1 52. Kh4 Qg3# 0-1

[Event "Bayern-chB 77th"]
[Site "Bad Woerishofen"]
[Date "2006.08.29"]
[Round "5"]
[White "Thonig, Manfred"]
[Black "Nitsche Hahn, Raphael"]
[Result "0-1"]
[WhiteElo "1533"]
[BlackElo "1421"]
[PlyCount "62"]
[EventDate "2006.08.26"]
[EventType "swiss"]
[EventRounds "9"]
[EventCountry "GER"]
[SourceTitle "EXT 2015"]
[Source "ChessBase"]
[SourceDate "2014.11.20"]
[SourceVersion "1"]
[SourceVersionDate "2014.11.20"]
[SourceQuality "1"]

1. f4 Nf6 2. Nf3 g6 3. c4 Bg7 4. e3 b6 5. d4 Bb7 6. Bd3 d6 7. 0-0 0-0 8. Qe1 Nbd7 9. Nbd2 Re8 10. Ng5 e5 11. fxe5 dxe5 12. Qh4 h6 13. Nge4 Nxe4 14. Qxd8 Raxd8 15. Nxe4 exd4 16. Ng3 dxe3 17. Rb1 Nc5 18. Be2 Nd3 19. Rd1 Nxc1 20. Rdxc1 Rd2 21. c5 Be4 22. Nxe4 Rxe4 23. Bf3 Red4 24. cxb6 cxb6 25. Re1 R4d3 26. Be4 Rd7 27. Kf1 Rf2+ 28. Kg1 Rxb2 29. a4 Rxb1 30. Bxb1 Bc3 31. Rc1 e2 0-1

[Event "Bayern-chB 77th"]
[Site "Bad Woerishofen"]
[Date "2006.08.27"]
[Round "2"]
[White "Porubszki, Georg"]
[Black "Nitsche Hahn, Raphael"]
[Result "1-0"]
[WhiteElo "1814"]
[BlackElo "1421"]
[PlyCount "89"]
[EventDate "2006.08.26"]
[EventType "swiss"]
[EventRounds "9"]
[EventCountry "GER"]
[SourceTitle "EXT 2015"]
[Source "ChessBase"]
[SourceDate "2014.11.20"]
[SourceVersion "1"]
[SourceVersionDate "2014.11.20"]
[SourceQuality "1"]

1. Nf3 d5 2. b3 c5 3. e3 Nf6 4. Bb2 e6 5. Be2 Bd6 6. 0-0 0-0 7. d4 b6 8. Nbd2 Nc6 9. Ne5 Qc7 10. Nxc6 Qxc6 11. Bf3 Bb7 12. Nc4 Qd7 13. Nxd6 Qxd6 14. Rc1 Ba6 15. Re1 Rac8 16. dxc5 Qxc5 17. Bd4 Qe7 18. Be5 Nd7 19. Bg3 Qf6 20. c4 Ne5 21. Bxe5 Qxe5 22. cxd5 Rxc1 23. Qxc1 exd5 24. Qd2 Rd8 25. h3 h6 26. Rd1 Bb7 27. Qd4 f6 28. Rc1 Qd6 29. Rd1 Qa3 30. Qc3 Rd7 31. Qc2 Qe7 32. Qf5 Qd8 33. Be4 Kf8 34. Bf3 Kg8 35. Rd4 Bc6 36. Qe6+ Kh8 37. Qxc6 Rc7 38. Qe6 Rc1+ 39. Rd1 Rxd1+ 40. Bxd1 d4 41. exd4 Qxd4 42. Qe8+ Kh7 43. Bc2+ g6 44. Qxg6+ Kh8 45. Qh7# 1-0

[Event "GER-ch U10"]
[Site "Willingen"]
[Date "2006.06.09"]
[Round "9"]
[White "Nitsche Hahn, Raphael"]
[Black "Haryanto, Selina"]
[Result "1-0"]
[WhiteElo "1392"]
[BlackElo "979"]
[PlyCount "43"]
[EventDate "2006.06.04"]
[EventType "swiss"]
[EventRounds "11"]
[EventCountry "GER"]
[SourceTitle "EXT 2007"]
[Source "ChessBase"]
[SourceDate "2006.11.23"]
[SourceVersion "1"]
[SourceVersionDate "2006.11.23"]
[SourceQuality "1"]

1. d4 d5 2. c4 e5 3. e3 exd4 4. exd4 Nf6 5. Nf3 Bg4 6. Bg5 Bb4+ 7. Bd2 Bxd2+ 8. Nbxd2 Nc6 9. h3 Bh5 10. Be2 0-0 11. 0-0 Re8 12. Re1 Ne4 13. cxd5 Qxd5 14. Bc4 Bxf3 15. Qxf3 Nxd2 16. Qxd5 Nxc4 17. Qxc4 Rad8 18. d5 Ne5 19. Qxc7 Rxd5 20. b4 Rd7 21. Rxe5 Rxc7 22. Rxe8# 1-0

[Event "GER-ch U10"]
[Site "Willingen"]
[Date "2006.06.09"]
[Round "10"]
[White "Nitsche Hahn, Raphael"]
[Black "Holle, Cedric"]
[Result "1-0"]
[WhiteElo "1392"]
[BlackElo "1049"]
[PlyCount "37"]
[EventDate "2006.06.04"]
[EventType "swiss"]
[EventRounds "11"]
[EventCountry "GER"]
[SourceTitle "EXT 2007"]
[Source "ChessBase"]
[SourceDate "2006.11.23"]
[SourceVersion "1"]
[SourceVersionDate "2006.11.23"]
[SourceQuality "1"]

1. d4 Nf6 2. c4 e5 3. e3 Bb4+ 4. Bd2 Nc6 5. d5 Bxd2+ 6. Nxd2 Nb4 7. Ngf3 d6 8. a3 Na6 9. Bd3 e4 10. Nxe4 Nxe4 11. Bxe4 Nc5 12. Qd4 0-0 13. Bc2 c6 14. 0-0 cxd5 15. cxd5 a5 16. b4 axb4 17. axb4 Na6 18. Qd3 Nxb4 19. Qxh7# 1-0